000 01355nam a2200217Ia 4500
003 Ost
005 20260507075624.0
008 260507s9999||||xx |||||||||||||| ||und||
020 _a9789931033844
040 _cfsecg
041 _aara
082 _a519.53
100 _aطيار، أحسن
_eمؤلف
245 0 _aالإحصاء الوصفي :
_bدروس مفصلة وتمارين محلولة /
_c أحسن طيار
260 _aالجزائر:
_bدار هومة,
_c2019
300 _a308 صفحة؛
_bإيضاحات ؛
_c24 سم
504 _aمراجع ص.311
520 _a مدخل لعلم الاحصاء، نبذة تاريخية عن علم الاحصاء ومجالات استخدام الاحصاء في الاقتصاد والتسيير، وعرض البيانات، بالاضافة الى مقاييس النزعة المركزية، بما فيه الوسط الحسابي مع الوسيط والمنوال، والعلاقة بينهم، بالاضافة الى مقاييس التشتت والشكل، و في الأخير ذكر لنا خصائص التوزيعات الاحصائية لمتغيرين،مع الانحدار والارتباط الخطي، بالاضافة الى السلاسل الزمنية، وختم لنا بالأرقام القياسية.
653 _aالاحصاء الوصفي
942 _cكتاب
999 _c45162
_d45162